A Theoretical Study of the Social Aspects of Social Media in the Marketing of Small and Medium-Sized Enterprises

Pohľad na teoretické pozadie úlohy sociálnych médií v marketingovej stratégii pre malé a stredné podniky MSP. Priblíženie teoretického pozadia sociálnych médií. Možnosti digitálneho sveta, ktorý obsahuje prehľad pomerov na Slovensku. Úloha vybranej témy v podnikaní, vrátane toho, ako sa dá vytvoriť...

Descrizione completa

Salvato in:
Dettagli Bibliografici
Autore principale: Csinger, Bence
Altri autori: Korcsmáros, Enikö
Natura: Capitolo di libro
Lingua:inglese
Soggetti:
Tags: Aggiungi Tag
Nessun Tag, puoi essere il primo ad aggiungerne!!

MARC

LEADER 00000naa a2200000 4500
001 0270808
005 20220617093206.9
041 0 |a eng 
044 |a SK 
245 1 0 |a A Theoretical Study of the Social Aspects of Social Media in the Marketing of Small and Medium-Sized Enterprises  |c Bence Csinger, Enikö Korcsmáros 
520 |a Pohľad na teoretické pozadie úlohy sociálnych médií v marketingovej stratégii pre malé a stredné podniky MSP. Priblíženie teoretického pozadia sociálnych médií. Možnosti digitálneho sveta, ktorý obsahuje prehľad pomerov na Slovensku. Úloha vybranej témy v podnikaní, vrátane toho, ako sa dá vytvoriť plán marketingového obsahu a rastúci význam sociálnych médií v 21. storočí. Komplexný obraz o raste sociálnych médií v sektore MSP. 
610 2 0 |a médiá 
610 2 0 |a médiá sociálne 
610 2 0 |a stratégia marketingová 
610 2 0 |a podnikanie 
610 2 0 |a podnik malý 
610 2 0 |a podnik stredný 
610 2 0 |a komunikácia marketingová 
100 1 |a Csinger, Bence 
700 1 |a Korcsmáros, Enikö